[Event "Mayor's Cup"]
[Site "Mumbai IND"]
[Date "2017.06.04"]
[Round "1.26"]
[White "Lama, Himal"]
[Black "Sai Krishna, GV."]
[Result "1/2-1/2"]
[WhiteElo "2073"]
[BlackElo "2339"]
[PlyCount "96"]
[EventDate "2017.06.04"]
[EventType "swiss"]
[EventRounds "10"]
[EventCountry "IND"]
[Source "Chess Mix"]
[SourceDate "2017.06.22"]

1. e4 e5 2. Nf3 Nc6 3. Nc3 Nf6 4. Bb5 Bb4 5. d3 d6 6. h3 O-O 7. Bg5 Nd4 8. Bc4
h6 9. Be3 d5 10. exd5 b5 11. Bb3 Nxd5 12. Bd2 Bxc3 13. bxc3 Nxf3+ 14. Qxf3 Bb7
15. Qg3 Qd6 16. Bxd5 Bxd5 17. O-O Rae8 18. d4 Re6 19. dxe5 Qc6 20. f3 Rfe8 21.
Qf2 Rxe5 22. Qxa7 Re2 23. Rf2 Qg6 24. Raf1 Bxf3 25. Rxe2 Rxe2 26. Rf2 Qxc2 27.
Rxe2 Bxe2 28. Qxc7 Kh7 29. Qf4 Bd3 30. a3 Be4 31. Qf2 f5 32. h4 Qb2 33. h5 Qa1+
34. Qf1 Qxf1+ 35. Kxf1 Bd5 36. Kf2 Bf7 37. Ke3 Bxh5 38. Kf4 Bg4 39. g3 Kg6 40.
c4 bxc4 41. a4 Bh3 42. a5 Bg2 43. a6 Kf6 44. Bc3+ Kg6 45. a7 h5 46. Bd2 Be4 47.
Ke5 Ba8 48. Kf4 Kf6 1/2-1/2

[Event "Mayor's Cup"]
[Site "Mumbai IND"]
[Date "2017.06.05"]
[Round "2.25"]
[White "Sai Krishna, GV."]
[Black "Shelke, Sankarsha"]
[Result "1-0"]
[WhiteElo "2339"]
[BlackElo "2165"]
[PlyCount "85"]
[EventDate "2017.06.04"]
[EventType "swiss"]
[EventRounds "10"]
[EventCountry "IND"]
[Source "Chess Mix"]
[SourceDate "2017.06.22"]

1. e4 e5 2. Nf3 Nc6 3. Bb5 a6 4. Ba4 Nf6 5. O-O b5 6. Bb3 Be7 7. Re1 d6 8. c3
O-O 9. h3 Nb8 10. d4 Nbd7 11. Nbd2 Bb7 12. Bc2 Re8 13. Nf1 Bf8 14. Ng3 g6 15.
a4 c5 16. d5 c4 17. Bg5 h6 18. Be3 Nc5 19. Qd2 Kh7 20. Nh2 Bg7 21. a5 Nfd7 22.
Rf1 Qe7 23. f4 exf4 24. Rxf4 Be5 25. Ng4 Bxf4 26. Bxf4 h5 27. Bxd6 Qxd6 28.
Qh6+ Kg8 29. Nxh5 gxh5 30. Qxd6 hxg4 31. Rf1 Re5 32. Rf4 Rg5 33. h4 Rg6 34. Qe7
Rg7 35. h5 f6 36. Qd6 Re8 37. h6 Rg5 38. Rxf6 Nxf6 39. Qxf6 Ree5 40. Qd8+ Kh7
41. Qc7+ Kxh6 42. Qxc5 Rg7 43. Qd6+ 1-0

[Event "Mayor's Cup"]
[Site "Mumbai IND"]
[Date "2017.06.05"]
[Round "3.24"]
[White "Shubham, Lakudkar"]
[Black "Sai Krishna, GV."]
[Result "0-1"]
[WhiteElo "1938"]
[BlackElo "2339"]
[PlyCount "52"]
[EventDate "2017.06.04"]
[EventType "swiss"]
[EventRounds "10"]
[EventCountry "IND"]
[Source "Chess Mix"]
[SourceDate "2017.06.22"]

1. e4 e5 2. Nf3 Nc6 3. d4 exd4 4. Bc4 Nf6 5. e5 d5 6. Bb5 Ne4 7. Nxd4 Bd7 8.
Bxc6 bxc6 9. O-O Bc5 10. f3 Ng5 11. f4 Ne4 12. Be3 O-O 13. Nd2 Nxd2 14. Qxd2
Bb6 15. c3 c5 16. Nb3 c4 17. Bxb6 axb6 18. Nd4 c5 19. Nf3 Bf5 20. a3 Qd7 21.
Rad1 Rad8 22. Rfe1 Bd3 23. g3 Rfe8 24. Re3 d4 25. Rxd3 cxd3 26. Qxd3 dxc3 0-1

[Event "Mayor's Cup"]
[Site "Mumbai IND"]
[Date "2017.06.06"]
[Round "4.13"]
[White "Sai Krishna, GV."]
[Black "Sai, Krishna Suresh Kuma"]
[Result "1-0"]
[WhiteElo "2339"]
[BlackElo "1946"]
[PlyCount "41"]
[EventDate "2017.06.04"]
[EventType "swiss"]
[EventRounds "10"]
[EventCountry "IND"]
[Source "Chess Mix"]
[SourceDate "2017.06.22"]

1. e4 d6 2. d4 g6 3. Nc3 Bg7 4. Be3 c6 5. Qd2 Qc7 6. f3 Nd7 7. g4 a6 8. h4 h5
9. gxh5 Rxh5 10. f4 Ndf6 11. Nf3 Rh8 12. Qg2 d5 13. Ne5 e6 14. Be2 Nh5 15.
O-O-O Ne7 16. Bxh5 Rxh5 17. Ne2 dxe4 18. Ng3 Nf5 19. Nxh5 Nxe3 20. Nxg7+ Kf8
21. Qg5 1-0

[Event "KIIT Elite op"]
[Site "Bhubaneshwar IND"]
[Date "2017.05.29"]
[Round "6.6"]
[White "Sai Krishna, GV."]
[Black "Amonatov, Farrukh"]
[Result "1/2-1/2"]
[WhiteElo "2339"]
[BlackElo "2632"]
[PlyCount "106"]
[EventDate "2017.05.26"]
[EventType "swiss"]
[EventRounds "10"]
[EventCountry "IND"]
[Source "Chess Mix"]
[SourceDate "2017.06.10"]

1. e4 c5 2. Nf3 d6 3. d4 cxd4 4. Nxd4 Nf6 5. Nc3 a6 6. Bg5 e6 7. f4 Qc7 8. Qf3
b5 9. O-O-O Bb7 10. Bxf6 gxf6 11. Qh5 Ke7 12. Bxb5 Qc5 13. Be2 Qxh5 14. Bxh5
Nc6 15. Nb3 Bg7 16. Rd2 a5 17. Rhd1 Rhd8 18. a4 Nb4 19. Kb1 f5 20. Bf3 Bxc3 21.
bxc3 fxe4 22. cxb4 exf3 23. Nxa5 Rxa5 24. bxa5 fxg2 25. Kb2 Ra8 26. Kb3 Rxa5
27. Rxd6 Bd5+ 28. R6xd5 Rxd5 29. Rg1 Rd2 30. a5 Kd6 31. Kc3 Rf2 32. Kd3 Kc5 33.
c3 Kb5 34. Ke3 Rc2 35. Kf3 Kxa5 36. Rxg2 Rxc3+ 37. Ke4 Rc4+ 38. Ke3 f5 39. Rg7
h5 40. Rh7 Kb5 41. Rh6 Re4+ 42. Kf3 Kc4 43. Rxh5 Kd3 44. Rh6 Re3+ 45. Kf2 Re2+
46. Kf3 Re3+ 47. Kf2 Re4 48. Kf3 Kd4 49. h4 Re3+ 50. Kf2 Re4 51. Kf3 Re3+ 52.
Kf2 Re4 53. Kf3 Re3+ 1/2-1/2

[Event "KIIT Elite op"]
[Site "Bhubaneshwar IND"]
[Date "2017.05.30"]
[Round "7.14"]
[White "Srijit, Paul"]
[Black "Sai Krishna, GV."]
[Result "1/2-1/2"]
[WhiteElo "2248"]
[BlackElo "2339"]
[PlyCount "82"]
[EventDate "2017.05.26"]
[EventType "swiss"]
[EventRounds "10"]
[EventCountry "IND"]
[Source "Chess Mix"]
[SourceDate "2017.06.10"]

1. e4 e5 2. Nf3 Nc6 3. Bc4 Nf6 4. d3 Be7 5. O-O O-O 6. Re1 d6 7. a4 h6 8. a5 a6
9. c3 Nh7 10. Nbd2 g6 11. Nf1 Kg7 12. Ng3 Ng5 13. Nxg5 hxg5 14. Qb3 Qd7 15. f3
f5 16. Nf1 Rb8 17. exf5 gxf5 18. Ne3 Bd8 19. h3 Ne7 20. d4 Ng6 21. dxe5 Nxe5
22. Bf1 Qe8 23. Qd1 Qg6 24. Ra4 Bd7 25. Rd4 Nc6 26. Ra4 Ne5 27. Rd4 g4 28. Nxg4
fxg4 29. Rxe5 gxf3 30. Re3 Bg5 31. Rd5 Bxe3+ 32. Bxe3 Rf5 33. Qd4+ Kg8 34. Rxf5
Bxf5 35. Qd5+ Kh7 36. Qxf3 Be4 37. Qf4 Kg8 38. Qh4 Rf8 39. b4 c6 40. Bd4 Rxf1+
41. Kxf1 Qxg2+ 1/2-1/2

[Event "KIIT Elite op"]
[Site "Bhubaneshwar IND"]
[Date "2017.05.31"]
[Round "8.12"]
[White "Neelotpal, Das"]
[Black "Sai Krishna, GV."]
[Result "1-0"]
[WhiteElo "2438"]
[BlackElo "2339"]
[PlyCount "72"]
[EventDate "2017.05.26"]
[EventType "swiss"]
[EventRounds "10"]
[EventCountry "IND"]
[Source "Chess Mix"]
[SourceDate "2017.06.10"]

1. e4 e5 2. Nf3 Nc6 3. Bc4 Nf6 4. d3 h6 5. O-O d6 6. c3 g6 7. d4 Qe7 8. Re1 Bg7
9. h3 O-O 10. Nbd2 Na5 11. Bf1 c5 12. b4 cxb4 13. cxb4 Nc6 14. a3 Nxd4 15. Nxd4
exd4 16. Bb2 b6 17. Nb3 Bb7 18. Nxd4 d5 19. e5 Ne4 20. f3 Ng3 21. Bb5 Kh7 22.
Qd2 a6 23. Bd3 h5 24. Qf2 h4 25. Ne2 Qg5 26. f4 Nxe2+ 27. Rxe2 Qg3 28. Qd4 f6
29. e6 Rg8 30. Rc1 Rac8 31. Rxc8 Bxc8 32. Qxd5 Bb7 33. Bxg6+ Qxg6 34. Qxb7 Qb1+
35. Kf2 Qd3 36. Qf3 Qxf3+ 1-0

[Event "KIIT Elite op"]
[Site "Bhubaneshwar IND"]
[Date "2017.06.01"]
[Round "9.20"]
[White "Sai Krishna, GV."]
[Black "Samal, Ansuman"]
[Result "1-0"]
[WhiteElo "2339"]
[BlackElo "1803"]
[PlyCount "45"]
[EventDate "2017.05.26"]
[EventType "swiss"]
[EventRounds "10"]
[EventCountry "IND"]
[Source "Chess Mix"]
[SourceDate "2017.06.10"]

1. e4 Nf6 2. e5 Nd5 3. d4 d6 4. c4 Nb6 5. f4 dxe5 6. fxe5 g6 7. Nf3 Bg7 8. Be2
c5 9. d5 Bg4 10. Ng5 Bf5 11. e6 fxe6 12. g4 h6 13. gxf5 hxg5 14. fxe6 Qd6 15.
Qd3 Bd4 16. Qxg6+ Kd8 17. Qxg5 Rxh2 18. Rxh2 Qxh2 19. Bf4 Qg1+ 20. Qxg1 Bxg1
21. Nc3 Nc8 22. O-O-O Bd4 23. Nb5 1-0

[Event "KIIT Elite op"]
[Site "Bhubaneshwar IND"]
[Date "2017.06.02"]
[Round "10.19"]
[White "Dileep, Kumar R"]
[Black "Sai Krishna, GV."]
[Result "0-1"]
[WhiteElo "1944"]
[BlackElo "2339"]
[PlyCount "94"]
[EventDate "2017.05.26"]
[EventType "swiss"]
[EventRounds "10"]
[EventCountry "IND"]
[Source "Chess Mix"]
[SourceDate "2017.06.10"]

1. e4 e5 2. Nf3 Nc6 3. Bb5 a6 4. Ba4 d6 5. c3 f5 6. d3 Nf6 7. Nbd2 Be7 8. Bb3
Na5 9. O-O fxe4 10. dxe4 Nxb3 11. Qxb3 Nd7 12. Rd1 Nc5 13. Qc2 O-O 14. b4 Ne6
15. Nf1 Qe8 16. Ne3 Bd8 17. Nf5 g6 18. Ne3 Nf4 19. c4 Nh3+ 20. Kh1 Rxf3 21.
gxf3 Qf8 22. Qe2 Nf4 23. Qc2 Ne6 24. Qe2 Nd4 25. Rxd4 exd4 26. Ng2 c5 27. a3
Bf6 28. Qd3 Be5 29. Bg5 Be6 30. f4 Bg7 31. Rc1 Qf7 32. Qc2 h6 33. Bh4 b5 34.
cxb5 Bb3 35. Qe2 c4 36. b6 d3 37. Qe3 Bb2 38. Rg1 c3 39. Qxd3 c2 40. b7 Rb8 41.
Qxd6 Rxb7 42. Qd8+ Kh7 43. e5 Rd7 44. Qb8 Rd1 45. Ne1 c1=Q 46. Bf6 Qc6+ 47. f3
Qce8 0-1

[Event "Mayors Cup"]
[Site "Mumbai IND"]
[Date "2014.06.03"]
[Round "3.5"]
[White "Sai Krishna, GV."]
[Black "Deepan Chakkravarthy, J."]
[Result "1/2-1/2"]
[WhiteElo "2358"]
[BlackElo "2509"]
[PlyCount "180"]
[EventDate "2014.06.02"]
[EventType "swiss"]
[EventRounds "10"]
[EventCountry "IND"]
[Source "Chess Mix"]

1. e4 c5 2. Nf3 e6 3. d4 cxd4 4. Nxd4 a6 5. Bd3 b5 6. O-O Bb7 7. a4 b4 8. Nd2
d6 9. a5 Nd7 10. Nc4 Ngf6 11. Qe2 Be7 12. Bd2 d5 13. exd5 Nxd5 14. Rfe1 Nc5 15.
Ne5 Nf4 16. Bxf4 Qxd4 17. Qe3 Qxe3 18. Bxe3 Nxd3 19. Nxd3 Rc8 20. Rac1 O-O 21.
c3 bxc3 22. Rxc3 Rxc3 23. bxc3 Rc8 24. Bd4 Bd5 25. Ne5 Bc5 26. Nd3 Bf8 27. Ne5
Bc5 28. Nd3 Bxd4 29. cxd4 Rc4 30. Nc5 Rxd4 31. Nxa6 Ra4 32. Nc7 Rxa5 33. Nxd5
Rxd5 34. g3 g5 35. Re4 h5 36. Kg2 Kg7 37. Ra4 Rb5 38. Ra8 Rb4 39. Re8 h4 40.
Kh3 Ra4 41. Rb8 f5 42. Kg2 Rc4 43. Re8 Kf7 44. Rh8 e5 45. Kh3 Rc2 46. gxh4 g4+
47. Kg3 Rc3+ 48. Kg2 e4 49. Rh5 Kf6 50. Rg5 Rc2 51. Kg3 Ke5 52. Rh5 Rc3+ 53.
Kg2 Rh3 54. Rh7 Kf4 55. Rh8 Ra3 56. Rf8 Ra2 57. Re8 Ra7 58. Rh8 Rb7 59. Rh6 Rd7
60. Rh8 Rd2 61. Re8 Rd3 62. Rh8 Rh3 63. Rh7 Ke5 64. Rh5 Kf6 65. Rh6+ Kf7 66.
Rh5 Kg6 67. Rg5+ Kf6 68. Rh5 Ra3 69. Rh6+ Ke5 70. Rh8 Kf4 71. Rf8 Ra2 72. Re8
Rb2 73. Re7 Rb3 74. Re8 Rc3 75. Re7 Rc8 76. Rh7 Ra8 77. Rh6 Ke5 78. Rh5 Kf6 79.
Rh6+ Kg7 80. Rh5 Kg6 81. Rg5+ Kf6 82. Rh5 Ra2 83. Kg3 Ra3+ 84. Kg2 f4 85. Rg5
e3 86. fxe3 Ra2+ 87. Kf1 fxe3 88. Rxg4 Rxh2 89. Re4 Kf5 90. Rxe3 Rxh4 1/2-1/2

[Event "Mayors Cup"]
[Site "Mumbai IND"]
[Date "2014.06.04"]
[Round "4.9"]
[White "Neverov, Valeriy"]
[Black "Sai Krishna, GV."]
[Result "1-0"]
[WhiteElo "2504"]
[BlackElo "2358"]
[PlyCount "141"]
[EventDate "2014.06.02"]
[EventType "swiss"]
[EventRounds "10"]
[EventCountry "IND"]
[Source "Chess Mix"]

1. d4 Nf6 2. c4 g6 3. Nf3 Bg7 4. g3 O-O 5. Bg2 d6 6. O-O Nc6 7. Nc3 e5 8. d5
Ne7 9. e4 Nd7 10. Bd2 h6 11. Re1 f5 12. exf5 gxf5 13. Nh4 Kh7 14. Qc2 Nb6 15.
Bf1 Bf6 16. Ng2 c6 17. Ne3 Kh8 18. dxc6 bxc6 19. c5 dxc5 20. Nc4 Nxc4 21. Bxc4
Bg7 22. Be3 Nd5 23. Bxc5 Rf7 24. Qa4 Rc7 25. Qa3 Rd7 26. Rad1 Bb7 27. Qb3 Qa5
28. Bb4 Qd8 29. Ba3 Rb8 30. Qc2 Qf6 31. Na4 Ba8 32. Nc5 Rf7 33. b3 e4 34. Na4
Qg5 35. Bb2 Bxb2 36. Qxb2+ Rg7 37. Qe5 Rf8 38. Nc5 Qe7 39. Qxe7 Rxe7 40. f3
Rfe8 41. fxe4 fxe4 42. Rd4 e3 43. Rh4 Kg7 44. Rg4+ Kf6 45. Nd3 h5 46. Rf1+ Ke6
47. Rh4 Rh8 48. Nf4+ Kd6 49. Ng6 Rhe8 50. Nxe7 Rxe7 51. Rxh5 Kc5 52. Rh4 Nc3
53. Bd3 Kd5 54. a3 c5 55. Rc1 e2 56. Re1 Re3 57. Bc4+ Ke5 58. Rh7 Bf3 59. Re7+
Kd4 60. Rd7+ Ke4 61. Rxa7 Bg4 62. Rg7 Bh3 63. Rh7 Bf5 64. Rh4+ Ke5 65. Rf4 Be4
66. a4 Kd4 67. a5 Rd3 68. Bxd3 Kxd3 69. Rxe4 Nxe4 70. a6 Kd2 71. Rxe2+ 1-0

[Event "Mayors Cup"]
[Site "Mumbai IND"]
[Date "2014.06.05"]
[Round "5.25"]
[White "Sai Krishna, GV."]
[Black "Ashwath, R."]
[Result "1/2-1/2"]
[WhiteElo "2358"]
[BlackElo "2217"]
[PlyCount "65"]
[EventDate "2014.06.02"]
[EventType "swiss"]
[EventRounds "10"]
[EventCountry "IND"]
[Source "Chess Mix"]

1. e4 g6 2. d4 Bg7 3. Nc3 c6 4. Be3 d5 5. Qd2 dxe4 6. Nxe4 Nd7 7. Bc4 Ngf6 8.
f3 O-O 9. Bb3 Nxe4 10. fxe4 e5 11. Nf3 exd4 12. Bxd4 Bxd4 13. Qxd4 Qb6 14. Qd2
Nc5 15. O-O-O Nxb3+ 16. axb3 Bg4 17. Qh6 Bxf3 18. gxf3 Rad8 19. Rdg1 Qa6 20.
Kb1 Rd4 21. f4 Rxe4 22. f5 c5 23. h4 c4 24. b4 c3 25. fxg6 fxg6 26. bxc3 Ref4
27. Qg5 Rf1+ 28. Rxf1 Rxf1+ 29. Rxf1 Qxf1+ 30. Kb2 a6 31. h5 Qb5 32. Qd8+ Kg7
33. Qd5 1/2-1/2

[Event "Mayors Cup"]
[Site "Mumbai IND"]
[Date "2014.06.05"]
[Round "6.25"]
[White "Rohan, Ahuja"]
[Black "Sai Krishna, GV."]
[Result "0-1"]
[WhiteElo "2206"]
[BlackElo "2358"]
[PlyCount "98"]
[EventDate "2014.06.02"]
[EventType "swiss"]
[EventRounds "10"]
[EventCountry "IND"]
[Source "Chess Mix"]

1. Nf3 Nf6 2. g3 g6 3. b3 Bg7 4. Bb2 O-O 5. Bg2 d6 6. d4 Nfd7 7. O-O Nc6 8. c4
e5 9. dxe5 dxe5 10. e4 Re8 11. Nc3 Nc5 12. Qxd8 Rxd8 13. Nd5 Ne6 14. Bh3 Ned4
15. Bg2 Rd7 16. Nxd4 Nxd4 17. Bxd4 exd4 18. Bh3 Rxd5 19. Bxc8 Rc5 20. Bg4 h5
21. Bh3 Rd8 22. Rfd1 d3 23. Rac1 Bb2 24. Rb1 Ba3 25. f4 d2 26. Kf2 Bc1 27. a4
h4 28. Bg4 Re8 29. Bf3 a6 30. e5 b6 31. Bd5 a5 32. Bf3 Kg7 33. Rbxc1 dxc1=Q 34.
Rxc1 hxg3+ 35. hxg3 f6 36. exf6+ Kxf6 37. Rd1 g5 38. Rd7 Re7 39. Rd8 gxf4 40.
gxf4 Rf5 41. Rd4 Kg7 42. Bg4 c5 43. Rd3 Rxf4+ 44. Kg3 Rd4 45. Rf3 Rde4 46. Bc8
Re3 47. Rxe3 Rxe3+ 48. Kf4 Rxb3 49. Ke5 Rb4 0-1

[Event "Mayors Cup"]
[Site "Mumbai IND"]
[Date "2014.06.06"]
[Round "7.21"]
[White "Sai Krishna, GV."]
[Black "Harikrishnan, Amirthavalli  Ranga"]
[Result "1/2-1/2"]
[WhiteElo "2358"]
[BlackElo "2009"]
[PlyCount "118"]
[EventDate "2014.06.02"]
[EventType "swiss"]
[EventRounds "10"]
[EventCountry "IND"]
[Source "Chess Mix"]

1. e4 e6 2. d4 d5 3. Nc3 Nf6 4. Bg5 Be7 5. e5 Nfd7 6. Bxe7 Qxe7 7. f4 a6 8. Nf3
c5 9. Qd2 Nc6 10. dxc5 Qxc5 11. Bd3 b5 12. Qf2 Bb7 13. Qxc5 Nxc5 14. Ne2 Rc8
15. Ned4 g6 16. Kd2 h5 17. Ke3 Ke7 18. g3 Rc7 19. Nxc6+ Bxc6 20. Nd4 Bd7 21. h3
Rcc8 22. g4 Rh6 23. f5 exf5 24. gxf5 gxf5 25. Bxf5 Ne6 26. Bxe6 Bxe6 27. Rag1
Rg6 28. Rxg6 fxg6 29. Rg1 Rg8 30. h4 Bg4 31. Kf4 Rc8 32. Re1 Bf5 33. c3 Be4 34.
Ra1 Rc4 35. a3 Rc8 36. a4 Rf8+ 37. Kg3 bxa4 38. Rxa4 Bd3 39. Rb4 Bb5 40. Nxb5
axb5 41. Rxb5 Ke6 42. Rb6+ Kxe5 43. Rxg6 Rb8 44. Kf3 Rxb2 45. Ke3 Rh2 46. Rg5+
Kd6 47. Rxh5 Kc5 48. Rh8 Kc4 49. Rc8+ Kb3 50. Kd4 Rxh4+ 51. Kxd5 Rh5+ 52. Kd6
Rh6+ 53. Ke5 Rh5+ 54. Ke6 Rh6+ 55. Ke7 Rh7+ 56. Kf6 Rh4 57. Ke5 Rc4 58. Rxc4
Kxc4 59. Ke4 Kxc3 1/2-1/2

[Event "Mayors Cup"]
[Site "Mumbai IND"]
[Date "2014.06.07"]
[Round "8.22"]
[White "Kulkarni, Rakesh"]
[Black "Sai Krishna, GV."]
[Result "1-0"]
[WhiteElo "2224"]
[BlackElo "2358"]
[PlyCount "117"]
[EventDate "2014.06.02"]
[EventType "swiss"]
[EventRounds "10"]
[EventCountry "IND"]
[Source "Chess Mix"]

1. e4 e5 2. Nf3 Nc6 3. d4 exd4 4. Nxd4 Nf6 5. Nxc6 bxc6 6. e5 Qe7 7. Qe2 Nd5 8.
c4 Ba6 9. b3 g6 10. g3 Bg7 11. Bb2 O-O 12. Bg2 Rae8 13. O-O Bxe5 14. Qxe5 Qxe5
15. Bxe5 Rxe5 16. cxd5 Bxf1 17. Kxf1 cxd5 18. Nc3 c6 19. Rd1 g5 20. Na4 Rfe8
21. Bf3 f5 22. h3 Kg7 23. Nc5 R5e7 24. Bh5 Rf8 25. Be2 Kg6 26. Bd3 Kf6 27. b4
g4 28. Kg2 Rfe8 29. hxg4 fxg4 30. Rh1 Kg5 31. b5 d6 32. Na4 cxb5 33. Nc3 h5 34.
Bxb5 Rh8 35. Nxd5 Re5 36. Bc4 a5 37. Rd1 h4 38. gxh4+ Rxh4 39. Rd4 Re1 40. Ne3
Rh6 41. Rd5+ Kg6 42. Rxd6+ Kg5 43. Rd5+ Kg6 44. Nxg4 Rhh1 45. Rxa5 Reg1+ 46.
Kf3 Rh3+ 47. Kf4 Rc3 48. Ra6+ Kg7 49. Ra7+ Kh8 50. Ra8+ Kh7 51. Bg8+ Kg7 52.
Bb3 Re1 53. Ne5 Rf1 54. Ra7+ Kh6 55. f3 Rc8 56. Be6 Rh8 57. Nf7+ Kg7 58. Nxh8+
Kxh8 59. Bg4 1-0

[Event "Mayors Cup"]
[Site "Mumbai IND"]
[Date "2014.06.08"]
[Round "9.29"]
[White "Sai Krishna, GV."]
[Black "Rakesh, Kumar Jena"]
[Result "1-0"]
[WhiteElo "2358"]
[BlackElo "2116"]
[PlyCount "93"]
[EventDate "2014.06.02"]
[EventType "swiss"]
[EventRounds "10"]
[EventCountry "IND"]
[Source "Chess Mix"]

1. e4 c5 2. Nf3 d6 3. d4 cxd4 4. Nxd4 Nf6 5. Nc3 g6 6. Be3 Bg7 7. f3 O-O 8. Qd2
Nc6 9. Bc4 Bd7 10. O-O-O Qa5 11. Bb3 Rfc8 12. Kb1 Ne5 13. h4 Nc4 14. Bxc4 Rxc4
15. Nb3 Qa6 16. e5 Ne8 17. h5 Rac8 18. hxg6 fxg6 19. g4 Bxe5 20. Bd4 Rxd4 21.
Nxd4 Rc4 22. Nb3 Nf6 23. g5 Nh5 24. Nd5 Kf7 25. f4 Bf5 26. Rc1 Bg7 27. Ne3 Rxf4
28. Rce1 e6 29. Nxf5 Rxf5 30. Nd4 Qb6 31. c3 Bxd4 32. cxd4 Qa5 33. Qe2 Qd5 34.
Qc2 Qc6 35. Qb3 Qd5 36. Qa4 Qb5 37. Qxa7 Rxg5 38. Rh2 Nf6 39. Rc1 Qd3+ 40. Ka1
Nd5 41. Qxb7+ Kf6 42. Rxh7 Rg2 43. Qg7+ Kf5 44. Qf8+ Nf6 45. Rf7 Qxd4 46. Rxf6+
Ke5 47. Re1+ 1-0

[Event "Mayors Cup"]
[Site "Mumbai IND"]
[Date "2014.06.09"]
[Round "10.20"]
[White "Malla, Nooka Raju"]
[Black "Sai Krishna, GV."]
[Result "0-1"]
[WhiteElo "1934"]
[BlackElo "2358"]
[PlyCount "90"]
[EventDate "2014.06.02"]
[EventType "swiss"]
[EventRounds "10"]
[EventCountry "IND"]
[Source "Chess Mix"]

1. e4 e5 2. Nf3 Nc6 3. Bb5 a6 4. Ba4 d6 5. c3 f5 6. d3 Nf6 7. O-O Be7 8. Re1
O-O 9. Bb3+ Kh8 10. Ng5 d5 11. exd5 Nxd5 12. Qh5 Bxg5 13. Bxg5 Nf6 14. Qh4 Ne7
15. Bxf6 gxf6 16. Qh6 f4 17. d4 Nf5 18. Qh5 exd4 19. Re4 Qd6 20. Qf3 Bd7 21.
Qxf4 Rae8 22. Nd2 Rxe4 23. Qxe4 dxc3 24. Nc4 cxb2 25. Rd1 Qxd1+ 26. Bxd1 Re8
27. Qxe8+ Bxe8 28. Nxb2 c5 29. Bg4 Nd6 30. Be6 b5 31. Kf1 b4 32. Ke1 Bb5 33.
Kd1 a5 34. Bb3 c4 35. Bc2 Nb7 36. Na4 c3 37. Bb3 Kg7 38. Kc2 f5 39. a3 Bxa4 40.
Bxa4 Nc5 41. Bc6 Kf6 42. axb4 axb4 43. f4 Ne6 44. Ba8 Nxf4 45. Kb3 Ne6 0-1

[Event "KIIT op"]
[Site "Bhubaneswar IND"]
[Date "2014.05.25"]
[Round "2.1"]
[White "Sai Krishna, GV."]
[Black "Amonatov, Farrukh"]
[Result "1/2-1/2"]
[WhiteElo "2358"]
[BlackElo "2609"]
[PlyCount "42"]
[EventDate "2014.05.24"]
[EventType "swiss"]
[EventRounds "10"]
[EventCountry "IND"]
[Source "Mark Crowther"]
[SourceDate "2014.05.26"]

1. e4 c5 2. Nf3 d6 3. d4 cxd4 4. Nxd4 Nf6 5. Nc3 a6 6. Bg5 Nbd7 7. Qe2 h6 8.
Bh4 e6 9. O-O-O Be7 10. g4 Qc7 11. Bg2 g5 12. Bg3 Ne5 13. h4 Rg8 14. hxg5 hxg5
15. Bh3 b5 16. Nf3 b4 17. Nxe5 dxe5 18. Nb1 Bb7 19. f3 Rc8 20. Rd2 Nd7 21. Rhd1
Nc5 1/2-1/2

[Event "KIIT op"]
[Site "Bhubaneswar IND"]
[Date "2014.05.28"]
[Round "6.10"]
[White "Sai Krishna, GV."]
[Black "Paichadze, Luka"]
[Result "0-1"]
[WhiteElo "2358"]
[BlackElo "2535"]
[PlyCount "35"]
[EventDate "2014.05.24"]
[EventType "swiss"]
[EventRounds "10"]
[EventCountry "IND"]
[Source "Mark Crowther"]
[SourceDate "2014.06.02"]

1. e4 c6 2. d4 d5 3. Nc3 g6 4. Be3 Bg7 5. Qd2 dxe4 6. Nxe4 Bf5 7. Ng3 Be6 8.
N1e2 Bc4 9. Qb4 Ba6 10. c4 Nf6 11. h3 O-O 12. Nc3 Nbd7 13. Be2 Ne8 14. Nge4 Nc7
15. f4 b5 16. c5 Bc8 17. Rd1 a5 18. Qb3 0-1

[Event "Bhubaneswar op"]
[Site "Bhubaneswar IND"]
[Date "2011.06.02"]
[Round "7"]
[White "Rakesh, Kumar Nayak"]
[Black "Sai Krishna, GV."]
[Result "0-1"]
[WhiteElo "2021"]
[BlackElo "2349"]
[PlyCount "106"]
[EventDate "2011.05.28"]
[EventType "swiss"]
[EventRounds "11"]
[EventCountry "IND"]
[Source "ChessBase"]
[SourceDate "2011.06.27"]

1. e4 e5 2. Nf3 Nc6 3. Bb5 a6 4. Ba4 d6 5. Bxc6+ bxc6 6. d4 exd4 7. Nxd4 c5 8.
Ne2 g6 9. Nbc3 Bg7 10. O-O Ne7 11. Bg5 h6 12. Bh4 Rb8 13. Rb1 g5 14. Bg3 Ng6
15. h3 h5 16. f4 gxf4 17. Bxf4 Nxf4 18. Nxf4 Qg5 19. Qf3 c6 20. Nce2 Rh6 21. b3
Be5 22. Rbd1 Bd7 23. c3 Ke7 24. Rd3 Rg8 25. Qg3 Qxg3 26. Rxg3 Rxg3 27. Nxg3
Bxc3 28. Nfxh5 d5 29. Nf4 Kd6 30. Nf5+ Bxf5 31. exf5 Ke5 32. Rf3 Bd2 33. Ne2 d4
34. Kf1 Be3 35. Ng3 Bf4 36. Ne2 Be3 37. Ng3 Bf4 38. Ne2 Bg5 39. Ke1 Kd5 40. Kd1
c4 41. bxc4+ Kxc4 42. Rg3 Be3 43. Rg7 c5 44. Rxf7 Rb6 45. Nxd4 cxd4 46. Ke2
Rb2+ 47. Kf3 Kd3 48. h4 Rf2+ 49. Kg3 Ke2 50. Kh3 d3 51. g4 Rf3+ 52. Kg2 Rf4 53.
Kg3 d2 0-1

[Event "Bhubaneswar op"]
[Site "Bhubaneswar IND"]
[Date "2011.06.05"]
[Round "10"]
[White "Sai Krishna, GV."]
[Black "Fier, Alexander Hilario T"]
[Result "0-1"]
[WhiteElo "2349"]
[BlackElo "2560"]
[PlyCount "101"]
[EventDate "2011.05.28"]
[EventType "swiss"]
[EventRounds "11"]
[EventCountry "IND"]
[Source "ChessBase"]
[SourceDate "2011.06.27"]

1. e4 c5 2. Nf3 d6 3. d4 cxd4 4. Nxd4 Nf6 5. Nc3 e6 6. Be2 Be7 7. O-O O-O 8.
Be3 Nc6 9. f4 Bd7 10. Nb3 a5 11. a4 Nb4 12. Bf3 e5 13. Qd2 Be6 14. f5 Bc4 15.
Rfd1 Rc8 16. g4 Nd7 17. g5 Re8 18. Kh1 Bf8 19. Qg2 g6 20. Rg1 d5 21. fxg6 hxg6
22. exd5 e4 23. Bxe4 Bg7 24. Bd4 Bxb3 25. Bxg7 Bxc2 26. Bxc2 Kxg7 27. Rad1 Re5
28. Bb1 Rc5 29. Qf2 b6 30. Rd4 Rxg5 31. Rf1 f5 32. Ne4 Rh5 33. Nxc5 bxc5 34.
Rd2 Qf6 35. Re1 Ne5 36. Qxc5 f4 37. Rg2 f3 38. Rf2 Ng4 39. Qa7+ Kh6 40. Re6
Rxd5 41. Re1 Nc6 42. Qb6 Rd4 43. Kg1 Nxf2 44. Kxf2 Qh4+ 45. Kf1 Qh3+ 46. Kf2
Qg2+ 47. Ke3 Qd2+ 48. Kxf3 Qf4+ 49. Kg2 Rd2+ 50. Kg1 Qxh2+ 51. Kf1 0-1

[Event "Orissa op"]
[Site "Bhubaneswar IND"]
[Date "2011.05.29"]
[Round "3"]
[White "Arun Prasad, Subramanian"]
[Black "Sai Krishna, GV."]
[Result "1-0"]
[WhiteElo "2495"]
[BlackElo "2349"]
[PlyCount "117"]
[EventDate "2011.05.28"]
[EventType "swiss"]
[EventRounds "11"]
[EventCountry "IND"]
[Source "Mark Crowther"]
[SourceDate "2011.05.30"]

1. d4 Nf6 2. c4 g6 3. Nf3 Bg7 4. g3 O-O 5. Bg2 d6 6. O-O c5 7. d5 e6 8. Nc3
exd5 9. cxd5 Re8 10. Nd2 Nbd7 11. h3 Nh5 12. Nb5 Ne5 13. Ne4 Nc4 14. g4 f5 15.
Nexd6 Nxd6 16. Nxd6 Qxd6 17. gxh5 b6 18. Qc2 Bd7 19. a4 f4 20. Ra3 Bf5 21. Qc4
g5 22. e3 f3 23. Bxf3 Bxh3 24. Bg2 Bxg2 25. Kxg2 Rad8 26. Rd3 Kh8 27. Qg4 Be5
28. b3 Qf6 29. e4 Bf4 30. Re1 Rg8 31. Bd2 Bxd2 32. Rxd2 Qc3 33. Qf3 Qe5 34. Qg3
Rge8 35. Qxe5+ Rxe5 36. Kg3 Kg7 37. f3 Kf7 38. a5 Ke7 39. axb6 axb6 40. Ra1 Rd7
41. Rc2 Kd6 42. b4 Re8 43. bxc5+ bxc5 44. Ra6+ Ke5 45. Rxc5 Rb8 46. Rc4 Re8 47.
Rac6 Rf7 48. Rc7 Rf6 49. Rc8 Rxc8 50. Rxc8 Kd4 51. Rc6 Rf8 52. h6 Ke3 53. Kg4
Rg8 54. Rc4 Rd8 55. Kxg5 Kxf3 56. Kf6 Kg4 57. e5+ Kh5 58. d6 Rd7 59. Rc7 1-0